LEADER 01162nam--2200361---450 001 990001518090203316 005 20220321102628.0 010 $a88-8431-097-0 035 $a000151809 035 $aUSA01000151809 035 $a(ALEPH)000151809USA01 035 $a000151809 100 $a20040319d2003----km-y0itay50------ba 101 0 $aita 102 $aIT 105 $ay|||||||101yy 200 1 $a<> magistero di Carlo Gentile (1920-1984)$eatti della Giornata di studi$eFoggia, Palazzo Dogana, 29 gennaio 2000$fa cura di Gaetano Cristino 210 $aFoggia$cGrenzi$d2003 215 $a95 p.$d24 cm 225 2 $aTerzo millennio$v9 300 $aIn appendice: La preghiera per il dolore del mondo, di C. Gentile 410 0$12001$aTerzo millennio$v9 600 1$aGentile,$bCarlo <1920-1984>$xAtti di congressi$2BNCF 676 $a366.1092 702 1$aCRISTINO,$bGaetano 702 1$aGENTILE,$bCarlo <1920-1984> 801 0$aIT$bsalbc$gISBD 912 $a990001518090203316 951 $aX.3.B. 7788$b2293 DSSS$cX.3.$d391245 959 $aBK 969 $aUMA 996 $aMagistero di Carlo Gentile, (1920-1984$91338572 997 $aUNISA